02831nam a22002537a 4500008004100000020001800041040000800059041000800067041000800075050002800083100002600111245009100137260003100228300005400259490002500313520110400338520096601442650002702408650002702435650002002462650003202482700002702514700003602541250407b |||||||| |||| 00| 0 eng d a9783836506007 ctbs aspa hger aN6494 .P6 bH6618 2004  aHonnef, Klauseauthor aPop art c/ Klaus Honnef ; edited by Uta Grosenick ; translated by Mariona Gratacòs. aCologne :bTaschen,c2015. a95 pages : billustrations (some color) ;c27 cm. aBasic art series 2.0 aAlcanzando su apogeo en la década de 1960, el Arte Pop comenzó como una revuelta contra los enfoques tradicionales del arte y la cultura, y evolucionó hacia una interrogación total de la sociedad moderna, la cultura del consumo y el papel del artista y la obra de arte. Centrándose en temas como el materialismo, la celebridad y los medios de comunicación, el Arte Pop se inspiró en fuentes del mercado masivo, desde la publicidad y los cómics hasta las caras más famosas de Hollywood y los empaques de productos de consumo, estos últimos ejemplificados por las latas de sopa Campbell de Andy Warhol. Además de desafiar al establecimiento al elevar imágenes populares, banales y kitsch, el Arte Pop también adoptó métodos de producción en masa, reduciendo el papel del artista individual mediante técnicas mecanizadas como la serigrafía. Con artistas destacados como Andy Warhol, Allan Jones, Ed Ruscha, Robert Indiana, Jasper Johns, Robert Rauschenberg y Roy Lichtenstein, este libro presenta todo el alcance e influencia de un movimiento modernista definitorio. aPeaking in the 1960s, Pop Art began as a revolt against mainstream approaches to art and culture and evolved into a wholesale interrogation of modern society, consumer culture, and the role of the artist and artwork. Focusing on issues of materialism, celebrity, and media, Pop Art drew on mass-market sources, from advertising imagery to comic books, from Hollywood's most famous faces to the packaging of consumer products, the latter epitomized by Andy Warhol's Campbell's soup cans. As well as challenging the establishment with the elevation of such popular, banal, and kitschy images, Pop Art also deployed methods of mass-production, reducing the role of the individual artist with mechanized techniques such as screen printing. With featured artists including Andy Warhol, Allan Jones, Ed Ruscha, Robert Indiana, Jasper Johns, Robert Rauschenberg, and Roy Lichtenstein, this book introduces the full reach and influence of a defining modernist movement. 0aPop artzUnited States 0aPop artzGreat Britain 0aPop artzEurope 0aArt, Americany20th century aGrosenick, Utaeeditor aGratacòs, Marionaetranslator